| 000 | 00743nam0a22002291 4500 | ||
|---|---|---|---|
| 001 | rc\117578 | ||
| 005 | 20021216134854.1 | ||
| 035 | _a(NLR Aleph) 005375899 | ||
| 090 |
_a7049178 _c7049178 |
||
| 100 | _a20021216d1992 u |0rusy50 ca | ||
| 101 | 0 | _arus | |
| 102 | _aRU | ||
| 105 | _ay ||||||||| | ||
| 200 | 1 |
_aЛюбовник леди Чаттерли _eРоман _f[Пер. с англ. И. Багрова, М. Литвиновой _gПослесл. Н. Пальцева] |
|
| 210 |
_aВладикавказ _cИр _d1992 |
||
| 215 |
_a288 с. _d21 |
||
| 700 | 1 |
_aЛоуренс _bД. Г. _f1885-1930 _gДэвид Герберт |
|
| 801 | 0 |
_aRU _bNLR _gpsbo |
|
| 801 | 1 |
_aRU _bELAR _2rusmarc |
|
| 852 |
_aNLR _j93-3/7928 |
||
| 942 | _cBOOK | ||
| 980 | _aNB | ||